[Event "Kuala Lumpur UM KPT op"]
[Site "Kuala Lumpur"]
[Date "2016.12.17"]
[Round "5"]
[White "Chia, Zheng De"]
[Black "Abd Ghafar, Nabilah"]
[Result "0-1"]
[WhiteElo "1182"]
[BlackElo "1257"]
[PlyCount "108"]
[EventDate "2016.12.16"]
[EventType "swiss"]
[EventRounds "9"]
[EventCountry "MAS"]
[SourceTitle "CBM 176 Extra"]
[Source "ChessBase"]
[SourceDate "2017.03.02"]
[SourceVersion "1"]
[SourceVersionDate "2017.03.02"]
[SourceQuality "1"]

1. d4 d5 2. Nf3 Bf5 3. Bf4 Nf6 4. e3 g6 5. Bd3 Be4 6. 0-0 Bg7 7. Ng5 Bxd3 8. Qxd3 0-0 9. c4 e6 10. Nd2 Nh5 11. Nh3 Nxf4 12. Nxf4 Nd7 13. cxd5 e5 14. dxe5 Bxe5 15. Qb3 Nc5 16. Qc4 b6 17. Rab1 Bxf4 18. Qxf4 Qxd5 19. Nc4 Ne6 20. Qg4 b5 21. Na3 Qxa2 22. Nxb5 Rab8 23. Nc3 Qa5 24. Qa4 Qxa4 25. Nxa4 Rb4 26. Nc3 Nc5 27. Rfd1 a5 28. Rd4 Rfb8 29. Rxb4 Rxb4 30. Nd5 Rb7 31. b4 a4 32. Kf1 Ne4 33. Ke2 c6 34. f3 cxd5 35. fxe4 dxe4 36. b5 a3 37. Ra1 Rxb5 38. Rxa3 Rb2+ 39. Kf1 Kg7 40. Ra4 f5 41. h3 h5 42. Kg1 Kh6 43. Kh2 Kg5 44. Ra6 Rb3 45. h4+ Kh6 46. Kg3 Rxe3+ 47. Kf4 Re2 48. g3 Rf2+ 49. Ke3 Rf3+ 50. Ke2 Rxg3 51. Ra1 Rh3 52. Rg1 Rxh4 53. Ke3 Rg4 54. Rf1 h4 0-1